000 00663cam a22002417a 4500
003 CHAP
005 20220329140335.0
008 971013s r 00010 d
010 _a50660
011 _a51632
035 _a55782
040 _cCHAP
090 _aR-2232
100 0 0 _aVinck, D.
_9119833
245 1 3 _aLa transformation du manioc en gari
500 _aSobretiro de: Annales de Gembloux 89:101-115, 1983
590 _aBATCH-UPD
_b10
_c20130110
_lUCH01
_h0828
590 _aCONVERSION
_b10
_c20130109
_lUCH01
_h1327
650 1 4 _aYuca
_xProcesado.
_9123297
901 _aBK
942 _cREIMP
949 _aR-2232
_bBC
_cR
_d-122213
_eTS1
_i55782
_mD
_si
999 _c50660
_d50660